000 00900nam a2200241 a 4500
003 DO-SdBNP
005 20250715130127.0
007 ta
008 221104e2021 dr a|||fr|||| 001 0 spa d
020 _a9789945928808
040 _aDO-SdBNP
_bspa
_cBNPHU
082 4 _222
_bG934g
100 _981659
_aGuerrero, Rafael Augusto
245 1 0 _aGiro 360, educación siglo XX:
_b"asumanmos los retos de la educación, en un mundo globalizado, tecnificado y competitivo". /
_cRafael A. Guerrero
260 _a[Santo Domingo] :
_bGuerrero Publicaciones,
_c2021
300 _a275 p. :
_bil. ;
_c24 cm.
500 _aIncluye datos biográficos del autor en la contracubierta
504 _a268 - 273
650 4 _977186
_aCalidad de la educación
_xEstudios comparados
_ySiglo XXI
_zRepública Dominicana
650 0 _aEducación comparada
_xRepública Dominicana
_94722
910 _aMFeliz
942 _2ddc
_cLBS1
999 _c52799
_d52799